Social equivalent of free energy
La caracterizacin̤ de recursos desligados de un sistema social dentro de una interpretacin̤ sociolg̤ica ha resultado en un gran nm͠ero de distintas nociones, las cuales son relevantes en diferentes situaciones. Desde el punto de vista de la mecǹica estads̕tica, estas nociones se parecen a la energa...
Guardado en:
| Otros Autores: | , |
|---|---|
| Formato: | Libro |
| Lenguaje: | inglés |
| Materias: | |
| Acceso en línea: | Social equivalent of free energy |
| Etiquetas: |
Agregar Etiqueta
Sin Etiquetas, Sea el primero en etiquetar este registro!
|
MARC
| LEADER | 00000nam a22000004a 4500 | ||
|---|---|---|---|
| 001 | vpro147 | ||
| 005 | 20201223000000.0 | ||
| 008 | 120718s2005 ck # g## #001 0#eng#d | ||
| 020 | |a 1334-4684 (versin̤ impresa) ; 1334-4676 (versin̤ online) | ||
| 022 | |||
| 040 | |a CO-BoINGC | ||
| 041 | 0 | |a eng | |
| 245 | 1 | 0 | |a Social equivalent of free energy |
| 246 | |a Equivalente social de la energa̕ libre | ||
| 264 | |a Bogot ̀(Colombia) : |b Revista VirtualPRO, |c 2005 | ||
| 520 | 3 | |a La caracterizacin̤ de recursos desligados de un sistema social dentro de una interpretacin̤ sociolg̤ica ha resultado en un gran nm͠ero de distintas nociones, las cuales son relevantes en diferentes situaciones. Desde el punto de vista de la mecǹica estads̕tica, estas nociones se parecen a la energa̕ libre.En este artc̕ulo, se introduce el concepto de la energa̕ libre social, y se presentan los primeros pasos hacia su desarrollo. La energa̕ libre social es una funcin̤ igual a la energa̕ libre fs̕ica, apropiadamente determinada por el sistema social, con una interpretacin̤ sociolg̤ica intrn̕seca como una medida de accin̤ social obtenible en un sistema social dado sin cambios en su estructura.Su construccin̤ es una consecuencia de la respuesta de un sistema social a partes reconocidas de una dinm̀ica ambiental. Se sostiene que el desarrollo de una respuesta de un sistema social parece excitar los modos normales de un sistema fs̕ico y general. | |
| 650 | \ | \ | |a Energa̕ |
| 650 | \ | \ | |a Energy |
| 650 | \ | \ | |a Mecǹica estads̕tica |
| 650 | \ | \ | |a Sistemas sociales |
| 650 | \ | \ | |a Energa̕ libre social |
| 650 | \ | \ | |a Adaptacin̤ |
| 650 | \ | \ | |a Relacin̤ de dispersin̤ |
| 650 | \ | \ | |a Statistical mechanics |
| 650 | \ | \ | |a Social systems |
| 650 | \ | \ | |a Social free energy |
| 650 | \ | \ | |a Adaptation |
| 650 | \ | \ | |a Dispersion relation |
| 700 | \ | \ | |a Stepanic Josip |
| 700 | \ | \ | |a Croatian Interdisciplinary Society |
| 856 | |z Social equivalent of free energy |u https://virtualpro.unach.elogim.com/biblioteca/equivalente-social-de-la-energia-libre | ||